| 000 | 00598cam a2200205 4500500 | ||
|---|---|---|---|
| 005 | 20260329003920.0 | ||
| 041 | _afre | ||
| 042 | _adc | ||
| 100 | 1 | 0 |
_aPortevin, Catherine _eauthor |
| 245 | 0 | 0 | _aExister, résister |
| 260 | _c2017. | ||
| 500 | _a92 | ||
| 690 | _aByung-Chul Han | ||
| 690 | _aCatherine Portevin | ||
| 690 | _aPascal Chabot | ||
| 690 | _aTransparence | ||
| 690 | _aVerre | ||
| 786 | 0 | _nPhilosophie magazine | 112 | 9 | 2017-09-01 | p. 41-44 | 1951-1787 | |
| 856 | 4 | 1 | _uhttps://shs.cairn.info/magazine-philosophie-magazine-2017-9-page-41?lang=fr&redirect-ssocas=7080 |
| 999 |
_c1828930 _d1828930 |
||